Most Popular Songs in USA 8/17/2024 - Statistics

General Stats
  • This quiz has been taken 10 times
  • The average score is 7 of 15
Answer Stats
Rank Artist (Version) Answer Streams Radio Airplay Sales % Correct
4. Sabrina Carpenter Espresso 20.2 Million 64.1 Million 3.5 Thousand
90%
7. Billie Eilish Birds Of A Feather 22.7 Million 31.6 Million 3.5 Thousand
70%
12. Charli XCX, Billie Eilish Guess 20.5 Million 0.2 Million 4.5 Thousand
70%
3. Kendrick Lamar Not Like Us 30.4 Million 49.6 Million 3.5 Thousand
70%
8. Sabrina Carpenter Please Please Please 20.9 Million 33.1 Million 2 Thousand
70%
10. Hozier Too Sweet 15.7 Million 62.7 Million 4 Thousand
60%
6. Chappell Roan Good Luck, Babe! 22.4 Million 31.8 Million 3.5 Thousand
50%
1. Shaboozey A Bar Song (Tipsy) 34 Million 90.9 Million 12 Thousand
40%
11. Benson Boone Beautiful Things 17.8 Million 46.6 Million 3.5 Thousand
40%
9. Teddy Swims Lose Control 20.2 Million 52.3 Million 4 Thousand
40%
2. Post Malone, Morgan Wallen I Had Some Help 29.2 Million 81.4 Milllion 6 Thousand
30%
13. Morgan Wallen, ERNEST Cowgirls 15 Million 28.9 Million 2.5 Thousand
20%
15. Morgan Wallen Lies Lies Lies 17.7 Million 9.4 Million 3 Thousand
20%
5. Tommy Richman Million Dollar Baby 21.6 Million 63.9 Million 2.5 Thousand
20%
14. Like Combs Ain't No Love in Oklahoma 15 Million 24 Million 5.5 Thousand
10%
No matching quizzes found
Score Distribution
Percent of People with Each Score
Percentile by Number Answered
Your Score History
You have not taken this quiz